[Event "GER-chT U20 Girls"]
[Site "Magdeburg"]
[Date "2023.12.29"]
[Round "5.7"]
[White "Pollerberg, Amelie"]
[Black "Schubert, Arlene"]
[Result "1/2-1/2"]
[WhiteElo "1576"]
[BlackElo "1545"]
[PlyCount "81"]
[EventDate "2023.12.26"]
[EventType "team-swiss"]
[EventRounds "7"]
[EventCountry "GER"]
[SourceTitle "CB03_2024"]
[SourceDate "2024.01.17"]
[SourceVersion "1"]
[SourceVersionDate "2024.01.17"]
[SourceQuality "1"]
[WhiteTeam "Erkenschwick"]
[BlackTeam "Annaberg Buchholz"]
[WhiteTeamCountry "GER"]
[BlackTeamCountry "GER"]

1. c4 c5 2. g3 e6 3. Nc3 Nf6 4. Bg2 d5 5. cxd5 exd5 6. d3 Be6 7. Bf4 Bd6 8. Bxd6 Qxd6 9. e3 Nbd7 10. Nge2 a6 11. a4 0-0 12. d4 Rab8 13. dxc5 Qxc5 14. 0-0 Nb6 15. Rc1 Qe7 16. Nd4 Rfd8 17. b3 Nbd7 18. Qe2 Ne5 19. Rfd1 Nc6 20. Nxc6 bxc6 21. Qxa6 Rxb3 22. Ne2 c5 23. Rb1 Rxb1 24. Rxb1 Bf5 25. Rb7 Qe5 26. Qb6 Rc8 27. Qb2 Qxb2 28. Rxb2 Bd7 29. a5 Ra8 30. Ra2 Ra7 31. Ra1 Kf8 32. Kf1 Ke7 33. Ke1 h6 34. h4 g5 35. hxg5 hxg5 36. Bf3 Bg4 37. Bxg4 Nxg4 38. Nc3 Nf6 39. a6 Kd7 40. Nb5 Ra8 41. a7 1/2-1/2

[Event "GER-chT U20 Girls"]
[Site "Magdeburg"]
[Date "2023.12.28"]
[Round "3.8"]
[White "Gyacsok, Dzvinka"]
[Black "Pollerberg, Amelie"]
[Result "0-1"]
[WhiteElo "1565"]
[BlackElo "1576"]
[PlyCount "52"]
[EventDate "2023.12.26"]
[EventType "team-swiss"]
[EventRounds "7"]
[EventCountry "GER"]
[SourceTitle "CB03_2024"]
[SourceDate "2024.01.17"]
[SourceVersion "1"]
[SourceVersionDate "2024.01.17"]
[SourceQuality "1"]
[WhiteTeam "Birkenfeld"]
[BlackTeam "Erkenschwick"]
[WhiteTeamCountry "GER"]
[BlackTeamCountry "GER"]

1. e4 c5 2. Nf3 Nc6 3. Nc3 Nf6 4. d4 cxd4 5. Nxd4 e5 6. Nf5 d6 7. Bg5 h6 8. Bxf6 Qxf6 9. Nb5 Bxf5 10. exf5 0-0-0 11. Bd3 d5 12. Be2 Kb8 13. g4 Bc5 14. 0-0 e4 15. Nc3 Qh4 16. Kg2 h5 17. gxh5 Qg5+ 18. Bg4 Ne5 19. h3 Rxh5 20. Rh1 Rh4 21. Kf1 Nxg4 22. Rg1 Nh2+ 23. Ke2 Qf4 24. Rg2 Qf3+ 25. Ke1 Qxg2 26. Qd2 Qf1# 0-1

[Event "GER-chT U20 Girls"]
[Site "Magdeburg"]
[Date "2023.12.27"]
[Round "2.10"]
[White "Pollerberg, Amelie"]
[Black "Stelter, Finja"]
[Result "1/2-1/2"]
[WhiteElo "1576"]
[BlackElo "1310"]
[PlyCount "114"]
[EventDate "2023.12.26"]
[EventType "team-swiss"]
[EventRounds "7"]
[EventCountry "GER"]
[SourceTitle "CB03_2024"]
[SourceDate "2024.01.17"]
[SourceVersion "1"]
[SourceVersionDate "2024.01.17"]
[SourceQuality "1"]
[WhiteTeam "Erkenschwick"]
[BlackTeam "Lehrte"]
[WhiteTeamCountry "GER"]
[BlackTeamCountry "GER"]

1. c4 Nf6 2. Nc3 e5 3. g3 c5 4. Bg2 d6 5. Nf3 Nc6 6. 0-0 Be6 7. b3 Be7 8. Bb2 0-0 9. e3 Qc8 10. d4 Bg4 11. dxe5 Nxe5 12. Nd5 Nxd5 13. Qxd5 Nxf3+ 14. Bxf3 Bxf3 15. Qxf3 Qd7 16. Rad1 b5 17. Qf4 bxc4 18. Qxc4 Rab8 19. Qxc5 Rfc8 20. Qd5 Rc2 21. Rd2 Rxd2 22. Qxd2 Qb5 23. Rc1 f6 24. Rc7 Rb7 25. Rxb7 Qxb7 26. Qd4 Kf7 27. e4 g6 28. Qd5+ Qxd5 29. exd5 Ke8 30. Kf1 Kd7 31. Ke2 Kc7 32. Bd4 a5 33. a4 Kd7 34. Kd3 Bd8 35. Kc4 Ke7 36. Kb5 h5 37. Bb6 Bxb6 38. Kxb6 f5 39. f4 Kf6 40. Kxa5 g5 41. Kb6 h4 42. gxh4 gxf4 43. a5 f3 44. a6 f2 45. a7 f1Q 46. a8Q Qf2+ 47. Kc7 Qc5+ 48. Qc6 Qa7+ 49. Kc8 Qe7 50. b4 f4 51. b5 Qf8+ 52. Kc7 Qe7+ 53. Qd7 f3 54. Qxe7+ Kxe7 55. b6 f2 56. b7 f1Q 57. b8Q Qc4+ 1/2-1/2

[Event "Kiel op 35th"]
[Site "Kiel"]
[Date "2023.07.31"]
[Round "5"]
[White "Braeutigam, Katerina"]
[Black "Pollerberg, Amelie"]
[Result "1-0"]
[WhiteElo "1884"]
[BlackElo "1475"]
[PlyCount "77"]
[EventDate "2023.07.29"]
[EventType "swiss"]
[EventRounds "9"]
[EventCountry "GER"]
[SourceTitle "CBM 215 Extra"]
[Source "ChessBase"]
[SourceDate "2023.09.30"]
[SourceVersion "1"]
[SourceVersionDate "2023.09.30"]
[SourceQuality "1"]

1. e4 e5 2. Nf3 Nc6 3. Bb5 Nf6 4. d3 d6 5. c3 Bd7 6. 0-0 Be7 7. Re1 a6 8. Ba4 0-0 9. Bg5 Bg4 10. Nbd2 h6 11. Bh4 Rb8 12. Nf1 d5 13. exd5 Nxd5 14. Bxe7 Qxe7 15. h3 Bxf3 16. Qxf3 Qd6 17. Ng3 Rfe8 18. Nf5 Qe6 19. Bb3 Rbd8 20. d4 e4 21. Qg4 g5 22. f3 Qg6 23. fxe4 Nf4 24. h4 Kh7 25. hxg5 hxg5 26. g3 Nh5 27. Kg2 Rh8 28. Rh1 Kg8 29. Rh2 Nf6 30. Rxh8+ Kxh8 31. Rh1+ Kg8 32. Qh3 Kf8 33. Qh6+ Qxh6 34. Rxh6 Ng8 35. Rh7 Rd7 36. e5 Ke8 37. Rh8 Kf8 38. e6 Nd8 39. exf7 1-0